000 00651nam a22002057a 4500
003 OSt
005 20251126165020.0
008 251126b |||||||| |||| 00| 0 eng d
020 _a0-07-143925-0.
040 _aDWCL-Main lib.
_cOC
082 _aCirc. 621.381 G446e 2005
100 _aGibilisco, Stan
245 _aElectricity demystified :
_b a self-teaching guide/
_cStan Gibilisco
260 _aN. Y. :
_b McGraw-Hill Companies, Inc.,
_c c2005.
300 _axii, 340 pages :
_b illustrations;
_c23 centimeters.
504 _aIncludes index.
650 _a1. Electricity.
650 _a2. Electronics.
942 _2ddc
_cBK-CIRC
_hCirc.
_n0
999 _c6414
_d6414